000 00897nam a22002417a 4500
005 20251108164014.0
008 250721s2002 xx 000 0 ara d
082 1 4 _a327.209565/زهر
100 1 _aزهران، إبراهيم أحمد
245 1 0 _aالنطق السامي 1952-1999 لجلالة الملك الحسين بن طلال حول شؤون دبلوماسية الحسين و مشاكل الشرق الأوسط /
264 1 _aعمان :
_bالمؤلف،
_c2002.
300 _a610ص.
490 0 _aدبلوماسية الحسين
650 1 7 _aتاريخ الأردن
650 1 7 _aعهد الملك حسين 1952-1999
650 1 7 _aالدبلوماسية
650 1 7 _aالشرق الأوسط
650 1 7 _aالعلوم السياسية
700 1 _aقطيشات، سمر
_eمراجع
700 1 _aبشناق، رغدة
_eمراجع
942 _2ddc
_cREF
999 _c1210
_d1210